000 00544nam a2200181Ia 4500
003 GCL
005 20240530102415.0
008 140319s9999 xx 000 0 ara d
040 _aGCL /
_cGCL
082 0 4 _a274.1
_bق ا
100 1 _aفايز فارس
245 1 0 _aغلم الاخلاق المسيحية /
_cفايز فارس
260 _aالقاهرة :
_bدار الثقافة العربية ،
_c1992
300 _a292 ص ؛
_c24 سم
650 0 4 _aالاخلاق المسيحية
650 0 4 _aالمسيحية
942 _2ddc
_cBK
999 _c32026
_d32026